| 000 | 00726nam0a22002411 4500 | ||
|---|---|---|---|
| 001 | rc\216281 | ||
| 005 | 20250620234918.0 | ||
| 010 |
_a5-89396-011-4 _920000 |
||
| 035 | _a(NLR Aleph) 005464884 | ||
| 090 |
_a4990673 _c4990673 |
||
| 100 | _a20030307d1997 |||y0rusy50 ca | ||
| 101 | 0 | _arus | |
| 102 | _aRU | ||
| 105 | _ay ||||||||| | ||
| 200 | 1 |
_aРебенок и уход за ним _fБенджамин Спок _g[Пер. с англ. Н.А. Перовой] |
|
| 210 |
_aЕкатеринбург _cАРД ЛТД _d1997 |
||
| 215 |
_a446 с. _d21 |
||
| 700 | 1 |
_aСпок _bБ. _f1903-1998 _gБенджамин |
|
| 801 | 0 |
_aRU _bNLR _gpsbo |
|
| 801 | 1 |
_aRU _bELAR _2rusmarc |
|
| 852 |
_aNLR _j97-3/6209 |
||
| 942 | _cBOOK | ||
| 980 | _aNB | ||